000 00549nam a2200169Ia 4500
008 220216s9999 xx 000 0 und d
100 _aNair N.R.
245 0 _aFlammability behaviour of natural rubber compounds containing phosphorous modified ELNR
260 _bProceedings of the Sixth Kerala Science Congress, 27-29 January 1994, Trivandrum, pp. 435-436
_c1994
650 _aFlammability
650 _aLiquid natural rubber
700 _aBrosse J.C.
700 _aDerouet D.
700 _aMathew N.M.
700 _aThomas S.
942 _cBS
999 _c51051
_d51051